000 00689nam a2200289Ia 4500
005 20260324131552.0
008 008 260324s9999 xx 000 0 eng d
020 _a9780203569320
037 _aEBOOK
040 _aCRL
040 _beng
040 _cCRL
041 _2eng
041 _aeng
084 _qCRL
100 _aSusan Castillo
_91185996
245 0 _aColonial Encounters in New World Writing, 1500-1786
245 0 _bPerforming America
260 _bTaylor and Francis
260 _c2006
365 _a
365 _b230
856 _uhttp://www.taylorfrancis.com/books/9780203569320
942 _cEBOOK
999 _c1783289
_d1783289